[Event "ch-CZE"]
[Site "Ostrava CZE"]
[Date "2002.05.16"]
[Round "1"]
[White "Berezjuk, S."]
[Black "Vokac, Marek"]
[Result "1/2-1/2"]
[WhiteElo "2430"]
[BlackElo "2487"]
[PlyCount "20"]
[EventDate "2002.05.16"]
[Source "Mark Crowther"]
[SourceDate "2002.05.27"]

1. d4 g6 2. g3 Bg7 3. Bg2 c5 4. d5 d6 5. Nf3 b5 6. O-O Nd7 7. e4 Ngf6 8. Qe2
O-O 9. a4 bxa4 10. Nc3 a5 1/2-1/2

[Event "ch-CZE"]
[Site "Ostrava CZE"]
[Date "2002.05.16"]
[Round "1"]
[White "Kalod, R."]
[Black "Chytilek, R."]
[Result "1-0"]
[WhiteElo "2472"]
[BlackElo "2390"]
[PlyCount "73"]
[EventDate "2002.05.16"]
[Source "Mark Crowther"]
[SourceDate "2002.05.27"]

1. e4 c5 2. Nf3 Nc6 3. Bb5 d6 4. O-O Bd7 5. Re1 a6 6. Bf1 Nf6 7. h3 g6 8. c3
Bg7 9. d4 O-O 10. d5 Ne5 11. Nxe5 dxe5 12. Nd2 Qc7 13. b3 Ne8 14. Bb2 Nd6 15.
c4 b5 16. Qc2 b4 17. Nf3 f6 18. a4 Qd8 19. g3 Qe8 20. Bg2 g5 21. Nh2 Qc8 22. g4
h5 23. gxh5 Bxh3 24. Re3 Bd7 25. Rg3 Nf7 26. Nf1 Nh6 27. Ne3 Kh8 28. Kh2 a5 29.
Rg1 Qe8 30. Bh3 Qxh5 31. Kg2 Qe8 32. Rh1 Kg8 33. Bxd7 Qxd7 34. Qe2 Ra7 35. Rgh3
f5 36. Rxh6 f4 37. Qh5 1-0

[Event "ch-CZE"]
[Site "Ostrava CZE"]
[Date "2002.05.16"]
[Round "1"]
[White "Vavra, P1."]
[Black "Jirovsky, M."]
[Result "0-1"]
[WhiteElo "2419"]
[BlackElo "2446"]
[PlyCount "100"]
[EventDate "2002.05.16"]
[Source "Mark Crowther"]
[SourceDate "2002.05.27"]

1. d4 d5 2. Nf3 Nf6 3. c4 e6 4. Nc3 Nbd7 5. Bg5 Bb4 6. Qc2 c5 7. cxd5 exd5 8.
a3 Qa5 9. Bd2 c4 10. g3 Nb6 11. Bg2 Bxc3 12. Bxc3 Qa4 13. Qxa4+ Nxa4 14. Nd2
O-O 15. O-O Bf5 16. f3 Rfe8 17. Rfe1 Re3 18. Rac1 Rae8 19. Kf2 h5 20. h3 g5 21.
g4 Bg6 22. gxh5 Bxh5 23. Nf1 R3e6 24. Ng3 Bg6 25. Bd2 Nh7 26. Bc3 Rb6 27. e4
Nxb2 28. Bxb2 Rxb2+ 29. Re2 Rxe2+ 30. Nxe2 Nf6 31. e5 Nh5 32. f4 Bd3 33. fxg5
Bxe2 34. Kxe2 Nf4+ 35. Kf3 Nxg2 36. Kxg2 b5 37. Kf3 a5 38. Rb1 Rb8 39. h4 b4
40. Ke3 Kg7 41. h5 bxa3 42. h6+ Kh7 43. Rxb8 a2 44. Rb7 a1=Q 45. Rxf7+ Kg8 46.
h7+ Kh8 47. Rd7 Qc1+ 48. Kf3 Qxg5 49. Rxd5 c3 50. Rc5 c2 0-1

[Event "ch-CZE"]
[Site "Ostrava CZE"]
[Date "2002.05.16"]
[Round "1"]
[White "Velicka, P."]
[Black "Biolek, R."]
[Result "1-0"]
[WhiteElo "2437"]
[BlackElo "2446"]
[PlyCount "213"]
[EventDate "2002.05.16"]
[Source "Mark Crowther"]
[SourceDate "2002.05.27"]

1. e4 e5 2. Nf3 Nc6 3. Bb5 Nf6 4. O-O Nxe4 5. d4 Nd6 6. dxe5 Nxb5 7. a4 Nbd4 8.
Nxd4 Nxd4 9. Qxd4 d5 10. exd6 Qxd6 11. Qe3+ Be7 12. Nc3 O-O 13. Nb5 Qd8 14. Qg3
Bf5 15. Nxc7 Rc8 16. Bf4 Bxc2 17. Rfc1 Qd3 18. Qxd3 Bxd3 19. Nd5 Bf6 20. Nxf6+
gxf6 21. Be3 a6 22. Bd4 Kg7 23. a5 Rfd8 24. Bc3 Kg6 25. h3 f5 26. Re1 Re8 27.
Rad1 Rxe1+ 28. Rxe1 Bb5 29. Re3 f4 30. Re4 Rc4 31. Re5 Rc6 32. h4 f5 33. Re7 h6
34. Rxb7 Kh5 35. Rf7 Bd3 36. Rd7 Bc4 37. Rd4 Kxh4 38. Rxf4+ Kg5 39. Bd2 Kg6 40.
Rh4 h5 41. Rh3 Bf7 42. Rg3+ Kf6 43. Bc3+ Ke6 44. Re3+ Kd7 45. Re5 Be6 46. Kh2
Rc4 47. f3 Ke7 48. Kg3 Kf7 49. Re1 Rc6 50. Kf4 Kg6 51. Rd1 h4 52. Rd8 Bc4 53.
Rh8 Bf1 54. Rg8+ Kh7 55. Rg5 Kh6 56. Bg7+ Kh7 57. Kxf5 h3 58. gxh3 Bxh3+ 59.
Kf4 Rc4+ 60. Kg3 Bf1 61. Bc3 Rc6 62. Rg7+ Kh6 63. Rb7 Kg6 64. Kf4 Rc4+ 65. Ke3
Rc6 66. Rb6 Bb5 67. Kd4 Kf5 68. Kd5 Rc8 69. Rf6+ Kg5 70. f4+ Kg4 71. Be5 Rd8+
72. Kc5 Bd3 73. Bc7 Rd7 74. Be5 Rd8 75. Bd6 Rg8 76. b4 Rc8+ 77. Kd4 Bb5 78. Rf7
Rc1 79. Rf8 Rd1+ 80. Kc5 Rc1+ 81. Kd5 Rd1+ 82. Ke5 Bc4 83. Rf6 Kf3 84. Kf5 Rd5+
85. Be5 Bd3+ 86. Kg5 Ke4 87. Re6 Bc4 88. Rc6 Bd3 89. Kf6 Rd7 90. Rb6 Rh7 91.
Ke6 Bc4+ 92. Kd6 Bd3 93. Rb8 Rh1 94. Kc5 Rb1 95. Re8 Bb5 96. Re7 Rc1+ 97. Kb6
Rc6+ 98. Kb7 Kf5 99. Bc7 Rc4 100. Re5+ Kf6 101. Rxb5 axb5 102. Bd6 Ke6 103. a6
Kxd6 104. a7 Rxb4 105. a8=Q Re4 106. Kb6 Ra4 107. Qc6+ 1-0

[Event "ch-CZE"]
[Site "Ostrava CZE"]
[Date "2002.05.17"]
[Round "2"]
[White "Biolek, R."]
[Black "Berezjuk, S."]
[Result "1-0"]
[WhiteElo "2446"]
[BlackElo "2430"]
[PlyCount "123"]
[EventDate "2002.05.16"]
[Source "Mark Crowther"]
[SourceDate "2002.05.27"]

1. e4 e6 2. d4 d5 3. e5 c5 4. c3 Nc6 5. Nf3 Bd7 6. a3 c4 7. Nbd2 Na5 8. Be2 Bc6
9. O-O Qd7 10. Qe1 Ba4 11. Bd1 Ne7 12. Rb1 Nc8 13. h3 Nb6 14. Nh2 O-O-O 15. f4
Be7 16. Ndf3 Bxd1 17. Qxd1 f5 18. Be3 h6 19. g4 Rdf8 20. Kg2 Qe8 21. Qc2 Rhg8
22. Rf2 g5 23. fxg5 f4 24. Bd2 hxg5 25. h4 gxh4 26. Kh3 Nb3 27. Be1 a5 28. Rg2
Rg7 29. Bf2 Rh8 30. Rbg1 Nd7 31. g5 Nf8 32. Rg4 Ng6 33. Nxh4 Rh5 34. N2f3 Qh8
35. Kg2 Qh7 36. Kf1 Nxh4 37. Qxh7 Rhxh7 38. Bxh4 Rg6 39. Ke2 Rf7 40. Bf2 Kd7
41. Rh1 Rfg7 42. Kd1 b5 43. Kc2 b4 44. a4 Rg8 45. Rh7 R8g7 46. Rxg7 Rxg7 47.
Bh4 bxc3 48. bxc3 Ke8 49. Rxf4 Bf8 50. Rf6 Rb7 51. Rxe6+ Kf7 52. Rf6+ Kg8 53.
e6 Na1+ 54. Kd1 Rb1+ 55. Ke2 Rb2+ 56. Kf1 Nc2 57. Bf2 Rb1+ 58. Kg2 Rb2 59. Kg3
Bd6+ 60. Kg4 Nb4 61. Nh4 Nd3 62. Bg3 1-0

[Event "ch-CZE"]
[Site "Ostrava CZE"]
[Date "2002.05.17"]
[Round "2"]
[White "Jirovsky, M."]
[Black "Velicka, P."]
[Result "1/2-1/2"]
[WhiteElo "2446"]
[BlackElo "2437"]
[PlyCount "74"]
[EventDate "2002.05.16"]
[Source "Mark Crowther"]
[SourceDate "2002.05.27"]

1. c4 c5 2. Nc3 b6 3. e4 Nc6 4. g3 Bb7 5. Bg2 g6 6. Nge2 Bg7 7. O-O d6 8. d3
Nf6 9. h3 O-O 10. Be3 Rc8 11. b3 a6 12. Rb1 Nd7 13. a3 Nd4 14. b4 Bc6 15. Qd2
Nxe2+ 16. Nxe2 Qc7 17. Rfc1 Qa7 18. Nc3 Rfe8 19. Nd5 e6 20. Nc3 Qa8 21. a4 Bb7
22. f4 f5 23. bxc5 bxc5 24. Rxb7 Qxb7 25. exf5 Bxc3 26. Rxc3 Qb1+ 27. Rc1 Qb4
28. fxg6 hxg6 29. Qd1 Rb8 30. Be4 Nf8 31. Bd2 Qb3 32. Qg4 Qb2 33. Rd1 Qg7 34.
Be3 Rb3 35. h4 Reb8 36. Kg2 Rb1 37. d4 Rxd1 1/2-1/2

[Event "ch-CZE"]
[Site "Ostrava CZE"]
[Date "2002.05.17"]
[Round "2"]
[White "Chytilek, R."]
[Black "Vavra, P1."]
[Result "1/2-1/2"]
[WhiteElo "2390"]
[BlackElo "2419"]
[PlyCount "83"]
[EventDate "2002.05.16"]
[Source "Mark Crowther"]
[SourceDate "2002.05.27"]

1. e4 c5 2. Nf3 Nc6 3. Bb5 g6 4. O-O Bg7 5. c3 Nf6 6. Re1 O-O 7. d4 d5 8. e5
Ne4 9. Bxc6 bxc6 10. Nbd2 cxd4 11. cxd4 Bf5 12. Nh4 c5 13. Nxf5 gxf5 14. f3
Nxd2 15. Bxd2 cxd4 16. Bg5 Qb6 17. Bxe7 Rfe8 18. Bd6 d3+ 19. Kh1 Qxb2 20. Rb1
Qc2 21. Rc1 Qxd1 22. Rcxd1 Rad8 23. f4 f6 24. Kg1 d2 25. Re2 fxe5 26. Bxe5 Kf7
27. Rdxd2 Bxe5 28. fxe5 d4 29. Rd3 Ke6 30. Ra3 Re7 31. Kf2 Rb8 32. Ra5 Rb6 33.
Rd2 Rd7 34. Kf3 a6 35. Kf4 Rg7 36. h3 Rd7 37. Rd3 Rd8 38. Ra4 Rd5 39. Raxd4
Rxe5 40. Rd7 Ra5 41. Rxh7 Rb4+ 42. Kf3 1/2-1/2

[Event "ch-CZE"]
[Site "Ostrava CZE"]
[Date "2002.05.17"]
[Round "2"]
[White "Navara, David"]
[Black "Konopka, M."]
[Result "1-0"]
[WhiteElo "2543"]
[BlackElo "2468"]
[PlyCount "123"]
[EventDate "2002.05.16"]
[Source "Mark Crowther"]
[SourceDate "2002.05.27"]

1. c4 e6 2. Nf3 Nf6 3. Nc3 d5 4. d4 Be7 5. Bg5 O-O 6. e3 h6 7. Bxf6 Bxf6 8.
cxd5 exd5 9. Be2 c6 10. O-O Re8 11. b4 Bf5 12. Qb3 a6 13. a4 Nd7 14. b5 Qa5 15.
Rac1 axb5 16. axb5 Qa3 17. Qxa3 Rxa3 18. Rfd1 Rea8 19. Bf1 Rb3 20. bxc6 bxc6
21. Ne2 Rb6 22. Nf4 Be7 23. Bd3 Bxd3 24. Nxd3 Bd6 25. g4 Kf8 26. Rc2 Ke7 27.
Kf1 Raa6 28. h4 Nf6 29. Nfe5 Bxe5 30. Nxe5 Nd7 31. Nd3 Rb3 32. Ke2 Kd6 33. h5
Rba3 34. Rdd2 Rb3 35. Kf3 Raa3 36. Nc1 Rc3 37. Ne2 Rxc2 38. Rxc2 Ra8 39. Ng3 g6
40. Rc1 c5 41. Rh1 Rh8 42. g5 hxg5 43. hxg6 Rxh1 44. g7 g4+ 45. Kg2 Nf6 46.
dxc5+ Kxc5 47. Kxh1 Ng8 48. Nf5 d4 49. Nxd4 Kd5 50. Kg2 Ke5 51. Kg3 Kf6 52.
Kxg4 Kxg7 53. Kg5 f6+ 54. Kf4 Kg6 55. Nf5 Kf7 56. Kf3 Ke6 57. Ke4 Kd7 58. Kd5
Ke8 59. Ke6 Kf8 60. f4 Ke8 61. Ng7+ Kf8 62. Nh5 1-0

[Event "ch-CZE"]
[Site "Ostrava CZE"]
[Date "2002.05.18"]
[Round "3"]
[White "Velicka, P."]
[Black "Chytilek, R."]
[Result "1/2-1/2"]
[WhiteElo "2437"]
[BlackElo "2390"]
[PlyCount "60"]
[EventDate "2002.05.16"]
[Source "Mark Crowther"]
[SourceDate "2002.05.27"]

1. Nf3 d6 2. e4 Nf6 3. Nc3 g6 4. d4 Bg7 5. Be2 O-O 6. O-O Bg4 7. Be3 Nc6 8. d5
Nb8 9. h3 Bxf3 10. Bxf3 c6 11. dxc6 Nxc6 12. Nd5 Ne5 13. Nxf6+ Bxf6 14. Be2 Qc7
15. c3 Nc4 16. Bc1 Rfc8 17. Qd5 Rab8 18. a4 e6 19. Qxc4 Qxc4 20. Bxc4 Rxc4 21.
f3 d5 22. exd5 exd5 23. Be3 d4 24. Bxd4 Bxd4+ 25. cxd4 Rxd4 26. b3 Rbd8 27. Ra2
a5 28. Rc2 Rd3 29. Rb1 b6 30. Rc6 R8d6 1/2-1/2

[Event "ch-CZE"]
[Site "Ostrava CZE"]
[Date "2002.05.18"]
[Round "3"]
[White "Konopka, M."]
[Black "Haba, Petr"]
[Result "0-1"]
[WhiteElo "2468"]
[BlackElo "2493"]
[PlyCount "70"]
[EventDate "2002.05.16"]
[Source "Mark Crowther"]
[SourceDate "2002.05.27"]

1. Nf3 d5 2. d4 Nf6 3. c4 c6 4. Qc2 dxc4 5. Qxc4 Bf5 6. g3 e6 7. Nc3 Nbd7 8.
Bg2 Be7 9. O-O O-O 10. e3 b5 11. Qe2 b4 12. Nb1 c5 13. Nbd2 Rc8 14. b3 Nd5 15.
Bb2 Nc3 16. Bxc3 bxc3 17. Nc4 Nb6 18. Rac1 Nxc4 19. bxc4 cxd4 20. Nxd4 Qa5 21.
Nxf5 exf5 22. Qd3 Bf6 23. Bd5 g6 24. Rb1 Rb8 25. Rb5 Qxa2 26. Qb1 Qxb1 27.
Rfxb1 Rxb5 28. cxb5 c2 29. Rc1 Rd8 30. Bb3 Rd3 31. Ba4 Ra3 32. Bxc2 Rc3 33. Ra1
Rxc2 34. Rxa7 Rb2 35. Rb7 f4 0-1

[Event "ch-CZE"]
[Site "Ostrava CZE"]
[Date "2002.05.18"]
[Round "3"]
[White "Kalod, R."]
[Black "Navara, David"]
[Result "0-1"]
[WhiteElo "2472"]
[BlackElo "2543"]
[PlyCount "76"]
[EventDate "2002.05.16"]
[Source "Mark Crowther"]
[SourceDate "2002.05.27"]

1. e4 c5 2. Nf3 d6 3. d4 cxd4 4. Nxd4 Nf6 5. Nc3 a6 6. Bg5 e6 7. f4 Be7 8. Qf3
Qc7 9. O-O-O Nbd7 10. g4 b5 11. Bxf6 Nxf6 12. g5 Nd7 13. f5 Nc5 14. f6 gxf6 15.
gxf6 Bf8 16. Rg1 h5 17. Re1 Bb7 18. Bh3 O-O-O 19. Nd5 Qa5 20. a3 Bh6+ 21. Kb1
Qd2 22. Rd1 Qxh2 23. Ne7+ Kb8 24. Ndc6+ Ka8 25. e5 dxe5 26. Bg2 e4 27. Qc3 Na4
28. Qa5 Bd2 29. Rxd2 Qxg1+ 30. Ka2 Rxd2 31. Qxd2 Qc5 32. Qe2 Qc4+ 33. Qxc4 bxc4
34. Bxe4 Nc5 35. Bf3 Nd7 36. Be2 h4 37. Bxc4 h3 38. Na5 h2 0-1

[Event "ch-CZE"]
[Site "Ostrava CZE"]
[Date "2002.05.18"]
[Round "3"]
[White "Vavra, P1."]
[Black "Blatny, P."]
[Result "1-0"]
[WhiteElo "2419"]
[BlackElo "2444"]
[PlyCount "92"]
[EventDate "2002.05.16"]
[Source "Mark Crowther"]
[SourceDate "2002.05.27"]

1. e4 e6 2. d3 b6 3. g3 Bb7 4. Nf3 d5 5. Nbd2 Nd7 6. Bg2 dxe4 7. dxe4 Nc5 8.
O-O Nf6 9. e5 Nfd7 10. Re1 a5 11. Nf1 Qb8 12. Qd4 h6 13. h4 Qa7 14. b3 Rd8 15.
Qf4 Qa8 16. Bb2 Be7 17. Ne3 Nf8 18. h5 Nh7 19. Qg4 O-O 20. Nd4 f5 21. exf6 Bxf6
22. Bxb7 Qxb7 23. Nxe6 Bxb2 24. Nxd8 Qe4 25. Qxe4 Nxe4 26. Ne6 Bxa1 27. Nxf8
Bc3 28. Re2 Kxf8 29. Nd5 Nhf6 30. Nxc7 Bb4 31. Kg2 Nc3 32. Re6 Bc5 33. Rc6 Ke7
34. Na6 Bd4 35. Rc7+ Kd6 36. Rxg7 Nxh5 37. Rg6+ Nf6 38. Rxh6 Kc6 39. Rh4 Be5
40. Rc4+ Kb7 41. f4 Nfd5 42. fxe5 Ne3+ 43. Kf3 Nxc4 44. bxc4 Nxa2 45. g4 a4 46.
g5 Kxa6 1-0

[Event "ch-CZE"]
[Site "Ostrava CZE"]
[Date "2002.05.18"]
[Round "3"]
[White "Berezjuk, S."]
[Black "Jirovsky, M."]
[Result "1-0"]
[WhiteElo "2430"]
[BlackElo "2446"]
[PlyCount "67"]
[EventDate "2002.05.16"]
[Source "Mark Crowther"]
[SourceDate "2002.05.27"]

1. d4 d5 2. c4 e6 3. Nc3 Nf6 4. cxd5 exd5 5. Bg5 c6 6. e3 Be7 7. Bd3 Bg4 8. Qc2
Bh5 9. Bxf6 Bxf6 10. f4 g5 11. Nh3 gxf4 12. Nxf4 Bg6 13. O-O Nd7 14. Rf3 O-O
15. Bxg6 hxg6 16. Ne6 Qe7 17. Nxf8 Rxf8 18. Raf1 Bg7 19. Qf2 Nb6 20. g4 Nc4 21.
h4 Nd6 22. h5 Re8 23. Rh3 Bh6 24. e4 dxe4 25. hxg6 Bg7 26. Nxe4 fxg6 27. Nxd6
Rf8 28. Rf3 Rxf3 29. Qxf3 Qxd6 30. Qf7+ Kh7 31. Kg2 Qd5+ 32. Qxd5 cxd5 33. Rf7
Kh6 34. g5+ 1-0

[Event "ch-CZE"]
[Site "Ostrava CZE"]
[Date "2002.05.18"]
[Round "3"]
[White "Vokac, Marek"]
[Black "Biolek, R."]
[Result "1/2-1/2"]
[WhiteElo "2487"]
[BlackElo "2446"]
[PlyCount "94"]
[EventDate "2002.05.16"]
[Source "Mark Crowther"]
[SourceDate "2002.05.27"]

1. Nf3 Nf6 2. c4 g6 3. Nc3 Bg7 4. d4 O-O 5. e4 d6 6. Be2 e5 7. O-O Nc6 8. d5
Ne7 9. Ne1 c5 10. dxc6 bxc6 11. Bg5 h6 12. Bxf6 Bxf6 13. Qd2 Bg5 14. Qd3 Be6
15. Rd1 Qa5 16. Nf3 Rfd8 17. Nxg5 hxg5 18. Qg3 f6 19. Rd2 Rab8 20. Rfd1 Qc7 21.
h3 Kg7 22. b3 Rd7 23. Bg4 Bxg4 24. Qxg4 Kf7 25. Rd3 Rh8 26. R1d2 Nc8 27. c5 Ke7
28. Na4 Rh4 29. Qe2 Qa5 30. Qe3 Rh8 31. cxd6+ Rxd6 32. Rxd6 Nxd6 33. Rc2 Rc8
34. f3 Rc7 35. Rc5 Qb4 36. Kh2 Nb5 37. Rc4 Qd6 38. Nc5 Nd4 39. b4 Kf7 40. Rc3
Kg8 41. Qd3 f5 42. Qc4+ Kh7 43. Rd3 Kh8 44. Kg1 Kh7 45. Kf2 Qf6 46. Ke1 g4 47.
exf5 gxh3 1/2-1/2

[Event "ch-CZE"]
[Site "Ostrava CZE"]
[Date "2002.05.19"]
[Round "4"]
[White "Konopka, M."]
[Black "Kalod, R."]
[Result "1-0"]
[WhiteElo "2468"]
[BlackElo "2472"]
[PlyCount "103"]
[EventDate "2002.05.16"]
[Source "Mark Crowther"]
[SourceDate "2002.05.27"]

1. Nf3 Nf6 2. c4 g6 3. g3 Bg7 4. Bg2 O-O 5. O-O d5 6. d4 dxc4 7. Na3 Nc6 8.
Nxc4 Be6 9. b3 Bd5 10. Bb2 a5 11. a4 Qc8 12. e3 Rd8 13. Qe2 h6 14. Rfd1 Qe6 15.
Ne1 Bxg2 16. Kxg2 Nd5 17. Rd2 f5 18. Nd3 Ncb4 19. Qf3 Nxd3 20. Rxd3 g5 21. Kg1
g4 22. Qg2 c6 23. Rdd1 h5 24. Re1 Rf8 25. f3 Qg6 26. f4 b6 27. e4 fxe4 28. Rxe4
b5 29. Ne5 Qd6 30. h3 gxh3 31. Qxh3 Nf6 32. Re2 Rab8 33. Rc1 bxa4 34. Nxc6 Rxb3
35. Nxe7+ Kf7 36. Nf5 Qb6 37. Re7+ Kg8 38. Rxg7+ Kh8 39. Rg5 Qb7 40. Ba1 Rb1
41. Rxh5+ Nxh5 42. Qxh5+ Kg8 43. Qg6+ Kh8 44. Qh6+ Kg8 45. Qg6+ Kh8 46. d5+
Rxa1 47. Rxa1 Rb8 48. Re1 Qb6+ 49. Qxb6 Rxb6 50. d6 Rb7 51. Re8+ Kh7 52. Re7+
1-0

[Event "ch-CZE"]
[Site "Ostrava CZE"]
[Date "2002.05.19"]
[Round "4"]
[White "Haba, Petr"]
[Black "Biolek, R."]
[Result "1-0"]
[WhiteElo "2493"]
[BlackElo "2446"]
[PlyCount "97"]
[EventDate "2002.05.16"]
[Source "Mark Crowther"]
[SourceDate "2002.05.27"]

1. d4 Nf6 2. c4 g6 3. Nc3 Bg7 4. e4 O-O 5. Be3 d6 6. f3 e5 7. d5 c6 8. Bd3 cxd5
9. cxd5 Nbd7 10. Nge2 Nc5 11. Bc2 a5 12. O-O Bd7 13. a3 b5 14. b4 axb4 15. axb4
Na6 16. Qb1 Qb8 17. Qb2 Qb7 18. Ra5 Nc7 19. Rfa1 Rxa5 20. Rxa5 Ra8 21. Qa3 Nfe8
22. Bd3 Ra6 23. Nc1 Bf6 24. Rxa6 Nxa6 25. Qa5 Nec7 26. N1a2 Kg7 27. Kf1 h6 28.
Qb6 Qxb6 29. Bxb6 Bg5 30. Ke2 f5 31. h3 h5 32. Nb1 fxe4 33. fxe4 Bf4 34. Ba5 g5
35. Kf2 h4 36. Na3 g4 37. hxg4 Bd2 38. Ke2 Bf4 39. Nc3 Bxg4+ 40. Ke1 Bg3+ 41.
Kd2 Bf2 42. Naxb5 Ne8 43. Nxd6 Nxd6 44. Bxa6 Bd4 45. Bd3 Kg6 46. Bd8 Kh5 47.
Nb5 Nf7 48. Nxd4 Nxd8 49. Nc6 1-0

[Event "ch-CZE"]
[Site "Ostrava CZE"]
[Date "2002.05.19"]
[Round "4"]
[White "Jirovsky, M."]
[Black "Vokac, Marek"]
[Result "1/2-1/2"]
[WhiteElo "2446"]
[BlackElo "2487"]
[PlyCount "21"]
[EventDate "2002.05.16"]
[Source "Mark Crowther"]
[SourceDate "2002.05.27"]

1. c4 g6 2. g3 Bg7 3. Bg2 c5 4. Nc3 Nc6 5. Nf3 d6 6. O-O Nh6 7. d3 O-O 8. Qd2
a6 9. b3 Rb8 10. Bb2 Bd7 11. e3 1/2-1/2

[Event "ch-CZE"]
[Site "Ostrava CZE"]
[Date "2002.05.19"]
[Round "4"]
[White "Navara, David"]
[Black "Vavra, P1."]
[Result "0-1"]
[WhiteElo "2543"]
[BlackElo "2419"]
[PlyCount "56"]
[EventDate "2002.05.16"]
[Source "Mark Crowther"]
[SourceDate "2002.05.27"]

1. e4 c6 2. d4 g6 3. Nc3 Bg7 4. h3 b5 5. e5 f5 6. Nf3 b4 7. Ne2 e6 8. h4 Ne7 9.
h5 c5 10. h6 Bf8 11. Bg5 Bb7 12. Bf6 Bxf3 13. gxf3 Rg8 14. d5 Qb6 15. Nf4 g5
16. Rg1 gxf4 17. Rxg8 Nxg8 18. Bg5 Bxh6 19. Bxh6 Nxh6 20. Bc4 exd5 21. Qxd5 Qc6
22. Qd2 Qxf3 23. Bd5 Qg4 24. Rd1 Nc6 25. Bxc6 dxc6 26. Qd6 Qg1+ 27. Ke2 f3+ 28.
Kd2 Qxd1+ 0-1

[Event "ch-CZE"]
[Site "Ostrava CZE"]
[Date "2002.05.20"]
[Round "5"]
[White "Berezjuk, S."]
[Black "Blatny, P."]
[Result "1-0"]
[WhiteElo "2430"]
[BlackElo "2444"]
[PlyCount "99"]
[EventDate "2002.05.16"]
[Source "Mark Crowther"]
[SourceDate "2002.05.27"]

1. d4 b6 2. c4 e6 3. a3 c5 4. d5 e5 5. Nc3 d6 6. e4 g6 7. f4 exf4 8. Bxf4 Bh6
9. Qd2 a6 10. Nf3 Bxf4 11. Qxf4 f6 12. Bd3 Qe7 13. O-O Nd7 14. b4 Ne5 15. Nxe5
fxe5 16. Qe3 Bd7 17. Be2 Nf6 18. Qh6 Ng8 19. Qe3 Nf6 20. Qh6 Rf8 21. Rf2 Rf7
22. Raf1 O-O-O 23. Qd2 Rdf8 24. bxc5 bxc5 25. Qb2 Qd8 26. h3 Qc7 27. Qb3 Kd8
28. Qb1 Ke8 29. Bf3 Qa5 30. Qc1 Bc8 31. Bd1 Ng8 32. Ba4+ Ke7 33. Qg5+ Rf6 34.
Qh4 h5 35. Rf3 Qd8 36. Qg5 Kf7 37. Rxf6+ Nxf6 38. Ne2 Rh8 39. h4 Rf8 40. Ng3
Bg4 41. Bd1 Bxd1 42. Rxd1 Qe8 43. Rb1 Qe7 44. Rf1 Rb8 45. Rf3 Rb1+ 46. Kh2 Qd8
47. Nxh5 gxh5 48. Qxh5+ Ke7 49. Rxf6 Qg8 50. Rg6 1-0

[Event "ch-CZE"]
[Site "Ostrava CZE"]
[Date "2002.05.20"]
[Round "5"]
[White "Vavra, P1."]
[Black "Konopka, M."]
[Result "1/2-1/2"]
[WhiteElo "2419"]
[BlackElo "2468"]
[PlyCount "75"]
[EventDate "2002.05.16"]
[Source "Mark Crowther"]
[SourceDate "2002.05.27"]

1. e4 c6 2. d4 d6 3. d5 Nf6 4. Nc3 g6 5. Be2 Bg7 6. Be3 O-O 7. h4 Qa5 8. Qd2 b5
9. Bf3 Bb7 10. Bh6 b4 11. Nce2 cxd5 12. exd5 Bxd5 13. Bxg7 Kxg7 14. h5 Rh8 15.
h6+ Kf8 16. Nd4 Nbd7 17. a3 Rb8 18. Rh4 Ne5 19. Nb3 Bxb3 20. cxb3 Nfd7 21. Kf1
Nc5 22. Rxb4 Rxb4 23. Qxb4 Qb6 24. Qxb6 axb6 25. Rc1 Ke8 26. b4 Ne6 27. Rc8+
Nd8 28. Rb8 e6 29. a4 Kd7 30. Rxb6 d5 31. Be2 Kc7 32. Rb5 Ndc6 33. Nf3 Nd7 34.
a5 Na7 35. Rc5+ Nxc5 36. bxc5 Nc6 37. Ng5 f6 38. Nxe6+ 1/2-1/2

[Event "ch-CZE"]
[Site "Ostrava CZE"]
[Date "2002.05.20"]
[Round "5"]
[White "Biolek, R."]
[Black "Jirovsky, M."]
[Result "1-0"]
[WhiteElo "2446"]
[BlackElo "2446"]
[PlyCount "95"]
[EventDate "2002.05.16"]
[Source "Mark Crowther"]
[SourceDate "2002.05.27"]

1. e4 c5 2. Nf3 g6 3. c4 Bg7 4. d4 cxd4 5. Nxd4 Nc6 6. Be3 Nf6 7. Nc3 Ng4 8.
Qxg4 Nxd4 9. Qd1 Ne6 10. Qd2 Qa5 11. Rc1 b6 12. f3 Bb7 13. Be2 g5 14. b3 Qe5
15. Kf2 h5 16. h4 gxh4 17. f4 Qf6 18. Bf3 Qg6 19. f5 Qg3+ 20. Ke2 Nc5 21. Bf4
Bxc3 22. Qxc3 Qg8 23. Qd4 d6 24. Rxh4 O-O-O 25. Be3 Kb8 26. b4 Nd7 27. a4 f6
28. a5 Rc8 29. Kf2 Rc6 30. Be2 Rh7 31. a6 Ba8 32. Bf4 Rc7 33. c5 Rg7 34. g3 Ne5
35. cxd6 Rxc1 36. Bxc1 Qd8 37. Bf4 Qxd6 38. Bxe5 fxe5 39. Qxd6+ exd6 40. Bxh5
Kc7 41. f6 Rg8 42. Bf7 Rf8 43. Rh7 Kc6 44. Bd5+ Kb5 45. Bxa8 Rxa8 46. g4 Kxb4
47. g5 b5 48. g6 1-0

[Event "ch-CZE"]
[Site "Ostrava CZE"]
[Date "2002.05.20"]
[Round "5"]
[White "Vokac, Marek"]
[Black "Chytilek, R."]
[Result "1-0"]
[WhiteElo "2487"]
[BlackElo "2390"]
[PlyCount "79"]
[EventDate "2002.05.16"]
[Source "Mark Crowther"]
[SourceDate "2002.05.27"]

1. Nf3 c5 2. e3 g6 3. d4 Bg7 4. Be2 Nf6 5. O-O cxd4 6. exd4 d5 7. h3 O-O 8. Re1
Nc6 9. c3 Ne4 10. Bf4 a6 11. Nbd2 Bf5 12. Nf1 h6 13. Ne3 Be6 14. Ne5 g5 15. Bh2
Qb6 16. Nxc6 bxc6 17. Qb3 Qa7 18. Bd3 Qd7 19. Qc2 Nd6 20. f4 f5 21. Qe2 Ne4 22.
Bxa6 c5 23. dxc5 Nxc5 24. Bb5 Qa7 25. Kh1 Ne4 26. Bd3 Qc5 27. a4 Qc6 28. a5 d4
29. cxd4 Bxd4 30. Rac1 Qd7 31. Bxe4 fxe4 32. fxg5 Rxa5 33. Rc7 Qb5 34. Qxb5
Rxb5 35. Rxe7 Rb6 36. gxh6 Bf6 37. Rc7 Rxb2 38. Rf1 Re2 39. h7+ Kh8 40. Be5 1-0

[Event "ch-CZE"]
[Site "Ostrava CZE"]
[Date "2002.05.21"]
[Round "6"]
[White "Konopka, M."]
[Black "Velicka, P."]
[Result "1/2-1/2"]
[WhiteElo "2468"]
[BlackElo "2437"]
[PlyCount "89"]
[EventDate "2002.05.16"]
[Source "Mark Crowther"]
[SourceDate "2002.05.27"]

1. Nf3 c5 2. c4 g6 3. g3 Bg7 4. Bg2 Nc6 5. O-O b6 6. e3 Bb7 7. d4 Na5 8. b3 Nh6
9. Bb2 cxd4 10. Nxd4 Bxg2 11. Kxg2 O-O 12. Nc3 Nc6 13. Nde2 Ng4 14. h3 Nf6 15.
Nf4 d6 16. Qe2 Ne5 17. Nfd5 Ned7 18. e4 a6 19. Rfe1 Re8 20. h4 h5 21. Nxf6+
Nxf6 22. Nd5 Nxd5 23. exd5 Bxb2 24. Qxb2 b5 25. Re4 bxc4 26. bxc4 Qc8 27. Rae1
Ra7 28. Qf6 Rd7 29. Qg5 Rc7 30. g4 Rxc4 31. Rxc4 Qxc4 32. gxh5 Qd3 33. Re3 Qf5
34. h6 f6 35. Qxf5 gxf5 36. Kf3 Kf7 37. Kf4 Rh8 38. h5 Rxh6 39. Rh3 e6 40.
dxe6+ Kxe6 41. Re3+ Kf7 42. Rh3 Ke6 43. Re3+ Kf7 44. Rh3 Ke6 45. Re3+ 1/2-1/2

[Event "ch-CZE"]
[Site "Ostrava CZE"]
[Date "2002.05.21"]
[Round "6"]
[White "Navara, David"]
[Black "Berezjuk, S."]
[Result "1-0"]
[WhiteElo "2543"]
[BlackElo "2430"]
[PlyCount "69"]
[EventDate "2002.05.16"]
[Source "Mark Crowther"]
[SourceDate "2002.05.27"]

1. e4 e5 2. Nf3 Nf6 3. Nxe5 d6 4. Nf3 Nxe4 5. d4 d5 6. Bd3 Bd6 7. O-O O-O 8. c4
c6 9. Qc2 Na6 10. a3 f5 11. Nc3 Nc7 12. c5 Be7 13. Ne2 Ne6 14. Nf4 Bf6 15. Nxe6
Bxe6 16. Bf4 g5 17. Be5 g4 18. Bxf6 Qxf6 19. Ne5 Qh4 20. f4 g3 21. h3 Kh8 22.
b4 a6 23. a4 Nf2 24. Qd2 Rg8 25. Ra3 Rg7 26. Rfa1 Rag8 27. b5 Nxh3+ 28. gxh3 g2
29. Be2 Rg3 30. Rxg3 Rxg3 31. Bf3 Rxh3 32. Bxg2 Qg3 33. Nf3 Rh6 34. bxa6 bxa6
35. Qe1 1-0

[Event "ch-CZE"]
[Site "Ostrava CZE"]
[Date "2002.05.21"]
[Round "6"]
[White "Kalod, R."]
[Black "Vavra, P1."]
[Result "1/2-1/2"]
[WhiteElo "2472"]
[BlackElo "2419"]
[PlyCount "29"]
[EventDate "2002.05.16"]
[Source "Mark Crowther"]
[SourceDate "2002.05.27"]

1. b4 Nf6 2. Bb2 d5 3. Bxf6 exf6 4. c3 a5 5. b5 g6 6. d4 Bg7 7. e3 f5 8. Bd3
O-O 9. Ne2 Nd7 10. O-O Nf6 11. a4 h5 12. c4 c6 13. Nbc3 Be6 14. bxc6 bxc6 15.
cxd5 1/2-1/2